Statystyki dla Czy znasz Youtuba?

Kliknij tutaj aby rozwiązać quiz!

Ogólne statystyki

  • Ten quiz został rozwiązany 142 razy
  • Średni wynik to 3 z 15

Statystyki odpowiedzi

PytanieKanał% Poprawnych
Największy w PolsceBlowek
83%
Anglik który jest 2 w Polskim YoutubeStuu
55%
Ponad 2000 dni na pierwszym miejscuPewdiepie
53%
Z największą ilością subskrybcjiT-Series
53%
Najlepszy w prankachSA Wardega
24%
Największy kanał z lifehackami5-Minute Crafts
11%
Największy kanał edukacyjnyCocomelon
5%
Pierwszy z milionen subskrybcjiFred
5%
Był pierwszym kanałem z jedną subskrybcjąsmosh
4%
Największy w SalwadorzeFernanfloo
2%
Największy w Ameryce PołudniowejHolaSoyGerman
2%
Największy z Fortnite ale nie graMarshmello
2%
Kanał muzyczny na 20 pozycjiAriana Grane
1%
Największy Hiszpański kanałElbruizOMG
1%
Z ponad 1 bilionem wyświetleń pod muzyką to nie zespół ani piosenkarzEnimem Music
1%

Rozkład punktacji

Percentyl według liczby udzielonych odpowiedzi

Procent ludzi z każdym wynikiem

Twoja historia wyników

Nie rozwiązałeś tego quizu